000 01307nam a2200289 a 4500
001 BRCA_2907
005 20190320204025.0
008 260109s1810----fr-a---###---#000-0#fre-u
041 _afre
044 _afr
084 _a375
_b.B75
_c1810
100 1 _aCervantes Saavedra, Miguel de
_d1547-1616
_9213
245 1 0 _aDon Quichotte de la Manche
_cMiguel de Cervantes Saavedra.
260 _aParís
_bBriand
_c1810
300 _a6 v.
_bil.
_c13 cm.
500 _aContenido : v 1. Primera parte. Advertencia del traductor. Prólogo del autor. Texto. -- v 2. Texto. -- v 3. Texto. -- v 4. Segunda parte. Prefacio del traductor. Prólogo del autor. Texto. -- v 5. Texto. -- v 6. Texto
500 _aEdición : Traduit de l´Espagnol de Michel de Cervante par Florian
500 _aReproducción de la edición de Didot, de 1799, con las mismas laminas de Lefevre y Lebarbier. Semipiel; lomos decorados con adornos dorados Lúdovik Osterc
500 _aEstado físico : Esta edición presenta la encuadernación maltratada
500 _aCon ex-libris : Robert et Evelyn Benson
500 _aQM298
546 _aTexto en : francés
700 1 _aFlorian, Jean-Pierre Claris de
_d1755-1794
_eTraductor
_98089
740 0 _aEl Ingenioso Hidalgo Don Quijote de la Mancha
902 _aQFM
942 _2lcc
_cB
999 _c2646
_d2646